[Event "Lagos City Asibor Memorial 2nd"]
[Site "Lagos City"]
[Date "2024.01.25"]
[Round "1"]
[White "Ajibola, Olanrewaju"]
[Black "Babalola, Bayo"]
[Result "1-0"]
[WhiteElo "2200"]
[BlackElo "2063"]
[PlyCount "128"]
[EventDate "2024.01.25"]
[EventType "swiss"]
[EventRounds "7"]
[EventCountry "NGR"]
[SourceTitle "CB05_2024"]
[SourceDate "2024.01.31"]
[SourceVersion "1"]
[SourceVersionDate "2024.01.31"]
[SourceQuality "1"]

1. d4 Nf6 2. Nf3 g6 3. Nbd2 Bg7 4. e4 d6 5. Bc4 d5 6. exd5 Nxd5 7. c3 0-0 8. 0-0 Nb6 9. Bb3 a5 10. a4 Na6 11. Ne4 Bf5 12. Ng3 Bg4 13. h3 Bc8 14. Qe2 c5 15. Rd1 Qc7 16. Ne5 cxd4 17. cxd4 Nb4 18. Bd2 N6d5 19. Rac1 Qd8 20. Qf3 Be6 21. Bxb4 axb4 22. Ne4 f6 23. Nd3 Bf7 24. Rc5 Kh8 25. Ng3 e6 26. Bxd5 exd5 27. b3 Qb6 28. Ne2 Ra5 29. Rdc1 Rxc5 30. Rxc5 Re8 31. Rb5 Qc7 32. Nxb4 f5 33. Qd3 Qe7 34. Kf1 Qd7 35. Qd2 Re4 36. f3 Re8 37. Nd3 Qc7 38. f4 g5 39. Ne5 Bh5 40. Rc5 Qb6 41. Rb5 Qc7 42. g3 Kg8 43. Kf2 gxf4 44. Nxf4 Bf7 45. Nfd3 Be6 46. Rc5 Qe7 47. Qc3 Qg5 48. h4 Qh5 49. Nf4 Qd1 50. Nxe6 Rxe6 51. Rc8+ Bf8 52. Rxf8+ Kxf8 53. Qc8+ Kg7 54. Qd7+ Kh8 55. Qxe6 Qc2+ 56. Ke3 Qc1+ 57. Kd3 Qf1+ 58. Kc3 Qe1+ 59. Kb2 Qd2+ 60. Ka3 Qc1+ 61. Kb4 Qe1+ 62. Kb5 Qf1+ 63. Kc5 Qc1+ 64. Kb6 Qe1 1-0

[Event "Lagos South West op"]
[Site "Lagos"]
[Date "2023.07.13"]
[Round "3"]
[White "Ajibola, Olanrewaju"]
[Black "Eyenghe, Sunny"]
[Result "0-1"]
[WhiteElo "2210"]
[BlackElo "1966"]
[PlyCount "95"]
[EventDate "2023.07.12"]
[EventType "swiss"]
[EventRounds "9"]
[EventCountry "NGR"]
[SourceTitle "CBM 215 Extra"]
[Source "ChessBase"]
[SourceDate "2023.09.30"]
[SourceVersion "1"]
[SourceVersionDate "2023.09.30"]
[SourceQuality "1"]

1. d4 Nf6 2. c4 e5 3. dxe5 Ng4 4. Nf3 Bc5 5. e3 Nc6 6. a3 a5 7. b3 Ngxe5 8. Bb2 d6 9. Be2 0-0 10. Nc3 Nxf3+ 11. gxf3 Qh4 12. Ne4 Bxe3 13. c5 dxc5 14. Rg1 Bd4 15. Qd2 Bf5 16. 0-0-0 Bxe4 17. fxe4 Qxe4 18. Rg4 Qe5 19. Rdg1 Bxb2+ 20. Kb1 g6 21. Bc4 Kh8 22. Qxb2 Qxb2+ 23. Kxb2 Ne5 24. Re4 Nxc4+ 25. bxc4 Rae8 26. Rge1 Rxe4 27. Rxe4 Kg7 28. Re7 Rc8 29. Kb3 Kf6 30. Rd7 Ke6 31. Rd3 c6 32. Ka4 b6 33. Rb3 Rb8 34. Rd3 f5 35. f4 b5+ 36. Kxa5 bxc4 37. Rd1 c3 38. Rd3 Ra8+ 39. Kb6 Rxa3 40. Rd1 c2 41. Rc1 Rc3 42. Kxc6 h6 43. h4 Kf6 44. Kd5 g5 45. hxg5+ hxg5 46. fxg5+ Kxg5 47. Ke5 f4 48. Ke4 0-1

[Event "NGR-ch"]
[Site "Lagos"]
[Date "2021.11.09"]
[Round "2"]
[White "Abdulraheem, Abdulrahman Akintoy"]
[Black "Ajibola, Olanrewaju"]
[Result "1-0"]
[WhiteElo "2254"]
[BlackElo "2297"]
[PlyCount "77"]
[EventDate "2021.11.09"]
[EventType "tourn"]
[EventRounds "9"]
[EventCountry "NGR"]
[EventCategory "1"]
[SourceTitle "CBM 205 Extra"]
[Source "ChessBase"]
[SourceDate "2022.01.31"]
[SourceVersion "1"]
[SourceVersionDate "2022.01.31"]
[SourceQuality "1"]

1. e4 e5 2. Bc4 Nf6 3. d3 c6 4. Nf3 Be7 5. 0-0 d6 6. Nbd2 0-0 7. Re1 b5 8. Bb3 a5 9. a3 Nbd7 10. Nf1 Nc5 11. Ba2 Be6 12. Ng3 Bxa2 13. Rxa2 Qc7 14. c3 a4 15. d4 Nb3 16. Bg5 h6 17. Be3 c5 18. d5 Rfc8 19. Nf5 Bf8 20. Nd2 Nxd2 21. Bxd2 Kh7 22. Qf3 Ng8 23. Raa1 g6 24. Ne3 c4 25. h4 Ra7 26. g3 Qe7 27. Kg2 Nf6 28. Nf5 Qd8 29. Nxh6 Bxh6 30. Bxh6 Ng8 31. Be3 Rb7 32. h5 Kg7 33. Rh1 Rcc7 34. Rh3 Qf6 35. Qg4 Kf8 36. h6 Qh8 37. h7 Nf6 38. Qh4 Ke8 39. Qxf6 1-0

[Event "NGR-ch"]
[Site "Lagos"]
[Date "2021.11.09"]
[Round "1"]
[White "Ajibola, Olanrewaju"]
[Black "Anwuli, Daniel"]
[Result "1-0"]
[WhiteElo "2297"]
[BlackElo "2330"]
[PlyCount "99"]
[EventDate "2021.11.09"]
[EventType "tourn"]
[EventRounds "9"]
[EventCountry "NGR"]
[EventCategory "1"]
[SourceTitle "CBM 205 Extra"]
[Source "ChessBase"]
[SourceDate "2022.01.31"]
[SourceVersion "1"]
[SourceVersionDate "2022.01.31"]
[SourceQuality "1"]

1. d4 Nf6 2. Nf3 g6 3. Nc3 d5 4. Bf4 a6 5. e3 Bg7 6. Be2 0-0 7. Ne5 Nbd7 8. h4 c6 9. h5 Qb6 10. Rb1 Nxe5 11. Bxe5 Nd7 12. Bxg7 Kxg7 13. hxg6 hxg6 14. Qd2 Rh8 15. Rxh8 Kxh8 16. e4 Kg7 17. exd5 Nf6 18. dxc6 Be6 19. cxb7 Rh8 20. d5 Rh1+ 21. Bf1 Bd7 22. Qe3 Qxb7 23. Kd2 Qb4 24. a3 Qd6 25. Bc4 Ng4 26. Qg3 Rh2 27. Qxd6 exd6 28. Bxa6 Rxg2 29. Ne4 Bf5 30. Bd3 Bxe4 31. Bxe4 Rxf2+ 32. Kc3 f5 33. Bd3 Nf6 34. a4 Nxd5+ 35. Kd4 Nb4 36. Kc4 Rf4+ 37. Kb5 Nd5 38. a5 Rb4+ 39. Kc6 Ne7+ 40. Kxd6 Kf6 41. Kc5 Ra4 42. b4 g5 43. a6 g4 44. b5 Ra5 45. Kb4 Ra2 46. b6 Nd5+ 47. Kc5 Nxb6 48. Kxb6 f4 49. a7 g3 50. Be4 1-0

[Event "Africa-ch"]
[Site "Lilongwe"]
[Date "2021.05.19"]
[Round "2"]
[White "Mhango, Banele"]
[Black "Ajibola, Olanrewaju"]
[Result "1/2-1/2"]
[WhiteElo "2117"]
[BlackElo "2337"]
[PlyCount "59"]
[EventDate "2021.05.18"]
[EventType "swiss"]
[EventRounds "9"]
[EventCountry "MWI"]
[SourceTitle "CBM 202 Extra"]
[Source "ChessBase"]
[SourceDate "2021.07.31"]
[SourceVersion "1"]
[SourceVersionDate "2021.07.31"]
[SourceQuality "1"]

1. Nf3 d5 2. g3 c6 3. Bg2 Bg4 4. Ne5 Bh5 5. d4 f6 6. Nd3 Nd7 7. Nf4 Bf7 8. e4 e5 9. dxe5 fxe5 10. Nd3 Ngf6 11. Nd2 Bh5 12. Bf3 Bxf3 13. Qxf3 Bd6 14. 0-0 0-0 15. Qe2 Qe8 16. f3 Qh5 17. Nf2 Bc5 18. Kg2 Rf7 19. Nd3 Bb6 20. a4 Raf8 21. a5 Bc7 22. Ra4 b5 23. axb6 Bxb6 24. b3 Bd4 25. Nf4 exf4 26. Rxd4 Qg6 27. exd5 Nxd5 28. Nc4 Re7 29. Qd3 Qxd3 30. Rxd3 1/2-1/2

[Event "Lagos op"]
[Site "Lagos"]
[Date "2014.10.23"]
[Round "6"]
[White "Adu, Oladapo"]
[Black "Ajibola, Olanrewaju"]
[Result "1-0"]
[WhiteElo "2195"]
[BlackElo "2149"]
[PlyCount "81"]
[EventDate "2014.10.21"]
[EventType "swiss"]
[EventRounds "7"]
[EventCountry "NGR"]
[SourceTitle "CBM 163 Extra"]
[Source "ChessBase"]
[SourceDate "2014.12.23"]
[SourceVersion "1"]
[SourceVersionDate "2014.12.23"]
[SourceQuality "1"]

1. Nf3 d5 2. d4 c6 3. Bf4 Qb6 4. Qc1 Nf6 5. e3 Bf5 6. Be2 e6 7. 0-0 c5 8. c3 h6 9. a4 a6 10. Nbd2 Nc6 11. Ne5 Rc8 12. Nxc6 bxc6 13. a5 Qb7 14. Ra3 Qa7 15. Ra4 cxd4 16. exd4 c5 17. dxc5 Bxc5 18. Nb3 Be7 19. Nd4 Bg6 20. Be3 Qa8 21. Nf3 Nd7 22. Rg4 Bf6 23. Rd1 Bf5 24. Rb4 Be7 25. Rf4 Bg6 26. Rg4 Nc5 27. Bf4 Bf6 28. Be5 Bh5 29. Bxf6 Bxg4 30. Bxg7 Rh7 31. Bxh6 Bxf3 32. Bxf3 Ke7 33. Bf4 Qb7 34. b4 Nd7 35. Qe3 Qc6 36. Rc1 Qb5 37. Be2 Rc4 38. Bd3 Rg7 39. Bxc4 dxc4 40. Bd6+ Kd8 41. Rd1 1-0

[Event "Accra President's Cup 4th"]
[Site "Accra"]
[Date "2014.06.28"]
[Round "3"]
[White "Sriram, Jha"]
[Black "Ajibola, Olanrewaju"]
[Result "1/2-1/2"]
[WhiteElo "2375"]
[BlackElo "2146"]
[PlyCount "45"]
[EventDate "2014.06.27"]
[EventType "swiss"]
[EventRounds "9"]
[EventCountry "GHA"]
[SourceTitle "EXT 2018"]
[Source "ChessBase"]
[SourceDate "2017.10.13"]
[SourceVersion "1"]
[SourceVersionDate "2017.10.13"]
[SourceQuality "1"]

1. d4 d5 2. c4 e6 3. Nc3 c6 4. Nf3 dxc4 5. e3 b5 6. a4 Bb4 7. Bd2 a5 8. axb5 Bxc3 9. Bxc3 cxb5 10. b3 Bb7 11. bxc4 b4 12. Bb2 Nf6 13. Bd3 0-0 14. 0-0 Nbd7 15. Qc2 h6 16. e4 e5 17. c5 Qc7 18. Rfc1 Rfc8 19. h3 exd4 20. Bxd4 Bc6 21. e5 Nd5 22. e6 fxe6 23. Re1 1/2-1/2